Sanat : "Muuttolintu" - Janna - Statistics

Yleistilastot
  • Tätä visaa on pelattu 5 kertaa
  • Keskiarvotulos 42 / 234
Vastaustilastot
Vastaus % Oikein
muuttolintu
100%
50%
ei
50%
en
50%
En
50%
et
50%
etelään
50%
että
50%
ja
50%
Jos
50%
ku
50%
mun
50%
mut
50%
niin
50%
nyt
50%
oli
50%
on
50%
päästä
50%
50%
se
50%
sun
50%
tää
50%
taas
50%
vaan
50%
vaik
50%
aina
0%
aivan
0%
alert
0%
asiat
0%
auki
0%
ees
0%
ehkä
0%
ehkei
0%
enää
0%
ettei
0%
halaat
0%
hermosto
0%
hermostu
0%
hetki
0%
hiljaa
0%
huutaa
0%
hyvästellään
0%
ihana
0%
jäädä
0%
jäätyy
0%
kääntämättä
0%
kaikkeni
0%
kättä
0%
kattoo
0%
keksi
0%
kevääl
0%
kivee
0%
korjaamaan
0%
kuinka
0%
legit
0%
lentäisit
0%
levittäisit
0%
löydät
0%
luo
0%
maataan
0%
mee
0%
meidän
0%
menemään
0%
menoa
0%
mielensä
0%
mielesi
0%
mielikuvaharjotus
0%
mitä
0%
miten
0%
mua
0%
muistaa
0%
mulle
0%
muuttaa
0%
muuttasit
0%
nään
0%
oikeesti
0%
ois
0%
onks
0%
onnellinen
0%
oo
0%
oot
0%
opin
0%
ovi
0%
pari
0%
pielessä
0%
Pitele
0%
pois
0%
Rakas
0%
rakas
0%
rakkaus
0%
saa
0%
sanoo
0%
sattuu
0%
sen
0%
siinä
0%
siipesi
0%
siivet
0%
silti
0%
sus
0%
susta
0%
sydämen
0%
täällä
0%
tahdon
0%
Tahdon
0%
taivaalle
0%
takas
0%
talvi
0%
tän
0%
tänne
0%
tarvii
0%
tarvis
0%
täytyy
0%
tekee
0%
tekisit
0%
tiedä
0%
tiedän
0%
toimii
0%
tragedia
0%
tuloaan
0%
tunne
0%
tuntemus
0%
vääntää
0%
valtava
0%
viel
0%
vielä
0%
voi
0%
Voisko
0%
yrittäisin
0%
Ehtoja vastaavia visoja ei löytynyt
Tulosjakauma
Jokaisen tuloksen saaneiden osuus
Persentiili vastausten määrän mukaan
Tuloshistoriasi
Et ole pelannut tätä visaa